| 000 | 00494cam a2200193ua 4500 | ||
|---|---|---|---|
| 020 | _c165.00 | ||
| 041 |
_aeng _h |
||
| 100 | _aPunmia, B C. | ||
| 245 |
_awaste water engineering ( Including air pollution) / _cB.C Punmia. _hTextual Documents |
||
| 250 |
_a2 / _b. |
||
| 260 |
_aNew Delhi : _bLaxmi publications , _c2006. |
||
| 300 | _a ; . | ||
| 365 | _a165.00 | ||
| 504 | _a | ||
| 700 | 1 | _aJain, Arun K . | |
| 700 | 1 | _aJain, Ashok K . | |
| 942 | _cBK | ||
| 999 |
_c12949 _d12949 |
||